Exhibition /

שמור ב:
מידע ביבליוגרפי
מחבר ראשי: Cooper, Simon, 1942-
פורמט: ספר
שפה:English
יצא לאור: London : Souvenir Press, 1975.
LEADER 00840cam a2200253 a 4500
001 c000275466
003 CARM
005 20071031144202.0
008 751218s1975 enk 000 1 eng d
010 |a 75331861 
015 |a GB*** 
019 1 |a 283457  |5 LACONCORD2021 
020 |a 0285621599 :  |c £3.95 
035 |a (OCoLC)1991408  |5 LACONCORD2021 
040 |a LC  |b eng  |c LC  |d VCAV 
050 0 0 |a PZ4.C7789  |b Ex  |a PR6053.O6 
082 0 4 |a 823.914  |2 22 
100 1 |a Cooper, Simon,  |d 1942- 
245 1 0 |a Exhibition /  |c Simon Cooper. 
260 |a London :  |b Souvenir Press,  |c 1975. 
300 |a 320 p. ;  |c 21 cm. 
852 8 |b CARM  |h A1:AM07F0  |i B09262  |p 0395366  |f BK 
999 f f |i 5766effb-34a3-5418-990f-326e9a23d023  |s 9e0f9021-3a68-514d-907d-96c9d92e1184 
952 f f |p Can circulate  |a CAVAL  |b CAVAL  |c CAVAL  |d CARM 1 Store  |e B09262  |f A1:AM07F0  |h Other scheme  |i book  |m 0395366